000 01365cam a2200337 a 4500
999 _c201
_d201
001 14643564
003 ALUPE UNIVERSITY
005 20210609105332.0
008 061122s2008 nyuabf b 001 0 eng
010 _a 2006052530
020 _a9780195308006
020 _a019530800X
035 _a(OCoLC)ocm76836258
035 _a(OCoLC)76836258
040 _aDLC
_cDLC
_dDLC
043 _ae-gr---
050 0 0 _aDF77
_b.A595 2008
082 0 0 _a938
_222
245 0 0 _aAncient Greece :
_ba political, social, and cultural history /
_cSarah B. Pomeroy ... [et al.] ; art consultant, Beth Cohen.
250 _a2nd ed.
260 _aNew York :
_bOxford University Press,
_c2008.
300 _axxiv, 568 p., [8] p. of plates :
_bill. (some col.), maps ;
_c24 cm.
504 _aIncludes bibliographical references and index.
651 0 _aGreece
_xCivilization
_yTo 146 B.C.
_vTextbooks.
700 1 _aPomeroy, Sarah B.
856 4 1 _3Table of contents only
_uhttp://www.loc.gov/catdir/enhancements/fy0724/2006052530-t.html
856 4 2 _3Publisher description
_uhttp://www.loc.gov/catdir/enhancements/fy0724/2006052530-d.html
906 _a7
_bcbc
_corignew
_d1
_eocip
_f20
_gy-gencatlg
942 _2lcc
_cBK
_nDO